00637nab a2200193uuc4500001000800000005001700008008004100025035001200066035002100078040001300099041000800112100004400120245006800164650003000232650003600262650002400298650002100322773010000343128238820240831090704.0120510m01uu2009 spa  a1282388 a(OCoLC)820638838 ccomduadb aspa10aCárdenas Londoño, Rogelio4auteaut14aLas competencias investigativas : una búsqueda que da sentido aCompetencia investigativa 7aCompetencia comunicativa2embne aCompetencia laboral aAdministración0 tConciencia Empresarial (Envigado)gNo. 02, Ene.-Jun. 2009, p. 13-78w1281707x2011-97040619672